Score 0/18 Timer 05:00
0 Plays Today
Scramble Answer % Correct
AJYJAY
99.9%
ILNELINE
98.3%
LBLEBELL
98.3%
HIFSFISH
97.5%
HPICCHIP
97.2%
ENSONOSE
95.4%
AHELWWHALE
91.7%
SRGASGRASS
90.6%
SORCSCROSS
87.7%
Scramble Answer % Correct
DOBOLBLOOD
86.8%
NPTIRPRINT
84.4%
RYEBRBERRY
81.4%
LESVIDDEVILS
67.8%
BNOIBRRIBBON
59.5%
Can you guess the theme?BLUE
59.4%
NEBTNOBONNET
58.1%
OGNALOLAGOON
57.6%
LRAOCLCOLLAR
51.6%

You're not logged in!

Compare scores with friends on all Sporcle quizzes.
OR
Log In

Sporcle TV

Today on Sporcle TV


Watch our educational content, quiz creation guides, and fun videos on Sporcle TV.

Show Comments

Extras

Top Quizzes Today


Score Distribution

Paid Content

Your Account Isn't Verified!

In order to create a playlist on Sporcle, you need to verify the email address you used during registration. Go to your Sporcle Settings to finish the process.

Report this User

Report this user for behavior that violates our Community Guidelines.

Details: